Most Expensive Movies (to make) - Statistics

General Stats
  • This quiz has been taken 861 times
    860 since last reset
  • The average score is 3 of 10
Answer Stats
Cost to Make Movie % Correct
$243 million Avatar
86%
$274 million Titanic
75%
$256 million Harry Potter and the Half-Blood Prince
33%
$318 million Pitrates of the Caribbean: At World's End
31%
$245 million Pirates of the Carribbean: Dead Man's Chest
30%
$273 million Spider-Man 3
25%
$252 million Waterworld
23%
$320 million Cleopatra
14%
$260 million Tangled
14%
$233 million King Kong
6%
No matching quizzes found
Score Distribution
Percent of People with Each Score
Percentile by Number Answered
Your Score History
You have not taken this quiz since the last reset